000 00987nam a2200241Ia 4500
003 OSt
005 20200729103926.0
008 191128s2008 ck fr 000 0 spa d
020 _a9789587340242
040 _aCO-JMCR
_cCO-JMCR
041 0 _aspa
082 0 4 _a341.762 /
_bR173d
_223
100 1 _aRamírez Bastidas, Yesid,
_eautor
_98044
245 1 3 _aEl derecho internacional humanitario y el medio ambiente /
_cYesid Ramírez Bastidas
260 _aBogotá :
_bProcuraduría General de la Nación,
_c2008
300 _a34 páginas ;
_c17 cm.
490 0 _aPensamiento jurídico ;
_v30
505 0 _aEl medio ambiente como derecho humano protegido -- Conflicto armado y protección al medio ambiente -- Daño al medio ambiente como crimen de guerra
650 1 4 _a Derecho internacional humanitario
_xaspectos ambientales
_98045
650 1 4 _aProtección del medio ambiente
_xaspectos jurídicos
_98046
650 1 4 _aConflicto armado
_xaspectos ambientales
_98047
942 _2ddc
_cBK
999 _c4708
_d4708